00475nam a2200145 a 4500008004100000020001500041050001500056100002100071245005000092246010500142250001200247260003700259300002400296350000900320120416s0000 ||||||||||||||||| || u a0831110643 aTJ 840 Ste aStewart, Harry L10aHydraulics and pneumatic power for production ahow air and oil equipment can be applied to the manual and automatic operation of production machine a3rd ed. aNew YorkbIndustrial Pressc1970 aVarying paginations a0.00